[Event "10th Montreal International Chess Tourn"]
[Site "Montreal"]
[Date "2009.??.??"]
[Round "1"]
[White "Bacrot"]
[Black "Mazé"]
[Result "1/2-1/2"]
[WhiteElo "2721"]
[BlackElo "2546"]
[PlyCount "43"]
[EventDate "2009.??.??"]
[EventCountry "CAN"]

1. Nf3 Nf6 2. c4 g6 3. g3 Bg7 4. Bg2 O-O 5. Nc3 d5 6. cxd5 Nxd5 7. d4 Nc6 8.
O-O Nb6 9. e3 Re8 10. b3 e5 11. Nxe5 Nxe5 12. dxe5 Qxd1 13. Nxd1 Bxe5 14. Bb2
a5 15. Bxe5 Rxe5 16. Nb2 c6 17. Rfd1 Bf5 18. Nd3 Re7 19. Nc5 Rb8 20. Rd2 Nd7
21. Nxd7 Rxd7 22. Rxd7 1/2-1/2

[Event "10th Montreal International Chess Tourn"]
[Site "Montreal"]
[Date "2009.??.??"]
[Round "1"]
[White "Bluvshtein"]
[Black "Moiseenko"]
[Result "1-0"]
[WhiteElo "2558"]
[BlackElo "2682"]
[PlyCount "131"]
[EventDate "2009.??.??"]
[EventCountry "CAN"]

1. d4 Nf6 2. c4 e6 3. Nc3 Bb4 4. e3 O-O 5. Nge2 Re8 6. a3 Bf8 7. d5 d6 8. Ng3
c6 9. Be2 cxd5 10. cxd5 exd5 11. Nxd5 Nxd5 12. Qxd5 Nc6 13. O-O Be6 14. Qb5 a6
15. Qxb7 Bd5 16. Bf3 Ra7 17. Qxa7 Nxa7 18. Bxd5 g6 19. e4 Bg7 20. f4 Nc8 21. f5
Rf8 22. Be3 Nb6 23. Bb3 Nd7 24. Kh1 Qb8 25. Ba4 Nc5 26. Bc6 Qxb2 27. Rae1 Nd3
28. Rb1 Qxa3 29. f6 Bxf6 30. Rxf6 Qc3 31. Rxd6 Ne5 32. Bh6 Rc8 33. Bb7 Re8 34.
Bd2 Qc7 35. Rdb6 Ng4 36. Be1 Rb8 37. h3 Ne3 38. R6b3 Qc2 39. R3b2 Qd3 40. Kh2
Qd6 41. Rb6 Qc7 42. R6b3 h5 43. Kh1 Qc2 44. R3b2 Qd3 45. e5 Qd4 46. Ne2 Qd3 47.
e6 Rf8 48. Bb4 Re8 49. e7 a5 50. Bc6 axb4 51. Bxe8 Qe4 52. Nf4 Qxe7 53. Rxb4
Qd6 54. Bxf7+ Kxf7 55. Rb7+ Kg8 56. Ra1 Qxf4 57. Ra8+ Qf8 58. Rxf8+ Kxf8 59.
Kg1 Nf5 60. Kf2 Nd6 61. Rb6 Ke7 62. Kf3 g5 63. Ra6 Ke6 64. h4 gxh4 65. Kf4 Kd5
66. Ra5+ 1-0

[Event "10th Montreal International Chess Tourn"]
[Site "Montreal"]
[Date "2009.??.??"]
[Round "1"]
[White "Tiviakov"]
[Black "Kovalyov"]
[Result "0-1"]
[WhiteElo "2697"]
[BlackElo "2572"]
[PlyCount "96"]
[EventDate "2009.??.??"]
[EventCountry "CAN"]

1. e4 c5 2. Nf3 e6 3. c3 Nf6 4. e5 Nd5 5. d4 cxd4 6. cxd4 d6 7. a3 Bd7 8. Bd3
Bc6 9. O-O Nd7 10. Re1 Be7 11. b4 a6 12. Nbd2 Nc3 13. Qb3 Nb5 14. Bxb5 axb5 15.
exd6 Bf6 16. Ne5 O-O 17. Nxc6 bxc6 18. Ne4 Bxd4 19. Bg5 Qb6 20. Rad1 c5 21. Qg3
e5 22. Be7 c4 23. Qf3 h6 24. Bxf8 Rxf8 25. Qf5 Qc6 26. h4 Ra8 27. Qf3 Rc8 28.
g4 c3 29. Re2 Nb6 30. g5 hxg5 31. Nxg5 f6 32. Ne4 Nd5 33. Qf5 Nf4 34. Rc2 g6
35. Nxf6+ Kf7 36. Qg4 Rh8 37. Qd7+ Qxd7 38. Nxd7 Ke6 39. Nc5+ Kxd6 40. Kh2 Kd5
41. Kg3 Ra8 42. Nb3 Rxa3 43. Na5 Ne6 44. Kf3 Nc7 45. Rb1 Na6 46. Nb3 Kc4 47.
Nxd4 exd4 48. Ke4 d3 0-1

[Event "10th Montreal International Chess Tourn"]
[Site "Montreal"]
[Date "2009.??.??"]
[Round "2"]
[White "Naiditsch"]
[Black "Bluvshtein"]
[Result "1-0"]
[WhiteElo "2697"]
[BlackElo "2558"]
[PlyCount "47"]
[EventDate "2009.??.??"]
[EventCountry "CAN"]

1. e4 e5 2. Nf3 Nf6 3. Nxe5 d6 4. Nf3 Nxe4 5. d4 d5 6. Bd3 Bd6 7. O-O O-O 8. c4
c6 9. Re1 Bf5 10. cxd5 cxd5 11. Nc3 Nxc3 12. bxc3 Bxd3 13. Qxd3 Nc6 14. Ng5 g6
15. Qh3 h5 16. g4 Qd7 17. gxh5 Qxh3 18. Nxh3 gxh5 19. Rb1 b6 20. Kh1 f6 21. Re6
Rad8 22. Bf4 Bxf4 23. Nxf4 Na5 24. Re7 1-0

[Event "10th Montreal International Chess Tourn"]
[Site "Montreal"]
[Date "2009.??.??"]
[Round "2"]
[White "Bacrot"]
[Black "Tiviakov"]
[Result "1-0"]
[WhiteElo "2721"]
[BlackElo "2674"]
[PlyCount "137"]
[EventDate "2009.??.??"]
[EventCountry "CAN"]

1. e4 c5 2. Nf3 Nc6 3. d4 cxd4 4. Nxd4 g6 5. c4 Nf6 6. Nc3 Nxd4 7. Qxd4 d6 8.
Bg5 Bg7 9. Qd2 Be6 10. Rc1 Qa5 11. Bd3 h6 12. Nd5 Qxd2+ 13. Bxd2 Rc8 14. Ke2
Nd7 15. Be3 a5 16. b3 Bb2 17. Rb1 Ba3 18. Bd2 Bxd5 19. cxd5 Rc5 20. Be3 Rc7 21.
Bb5 Kd8 22. Rbd1 h5 23. f4 Bc5 24. Rc1 Bxe3 25. Kxe3 Rc5 26. Rxc5 Nxc5 27. Rc1
Kc7 28. h4 Kb6 29. Be2 Re8 30. e5 e6 31. dxe6 Rxe6 32. Bc4 Re7 33. Kd4 dxe5+
34. fxe5 Rd7+ 35. Ke3 Re7 36. Kf4 Nd7 37. e6 fxe6 38. Kg5 e5 39. Kxg6 e4 40.
Rf1 e3 41. Kxh5 Rh7+ 42. Kg4 Ne5+ 43. Kh3 Nxc4 44. bxc4 Kc5 45. g4 Kd4 46. g5
e2 47. Re1 Ke3 48. Kg4 Rf7 49. g6 Rf1 50. Rxe2+ Kxe2 51. h5 Ke3 52. h6 Ke4 53.
h7 Rg1+ 54. Kh3 Kf3 55. Kh2 Rxg6 56. h8=Q Rg2+ 57. Kh3 Rg3+ 58. Kh4 Rg4+ 59.
Kh5 Rxc4 60. Qe5 a4 61. Qd5+ Re4 62. Kg5 Ke3 63. Qxb7 Kd3 64. Qb1+ Ke3 65. Kf5
Rc4 66. Ke5 Rc5+ 67. Kd6 Rc3 68. Qb4 Rd3+ 69. Ke5 1-0

[Event "10th Montreal International Chess Tourn"]
[Site "Montreal"]
[Date "2009.??.??"]
[Round "2"]
[White "Kovalyov"]
[Black "Roussel-Roozmon"]
[Result "1/2-1/2"]
[WhiteElo "2572"]
[BlackElo "2487"]
[PlyCount "38"]
[EventDate "2009.??.??"]
[EventCountry "CAN"]

1. Nf3 d5 2. d4 Nf6 3. c4 c6 4. e3 a6 5. Nc3 e6 6. c5 Nbd7 7. b4 Qc7 8. Bb2 b6
9. Be2 a5 10. a3 Ba6 11. O-O Bxe2 12. Qxe2 Be7 13. Rfc1 axb4 14. axb4 O-O 15.
Qc2 Qb7 16. Ne2 Rxa1 17. Rxa1 Ra8 18. Rxa8+ Qxa8 19. Nc3 Qb7 1/2-1/2

[Event "10th Montreal International Chess Tourn"]
[Site "Montreal"]
[Date "2009.??.??"]
[Round "3"]
[White "Roussel-Roozmon"]
[Black "Bacrot"]
[Result "0-1"]
[WhiteElo "2487"]
[BlackElo "2721"]
[PlyCount "66"]
[EventDate "2009.??.??"]
[EventCountry "CAN"]

1. d4 Nf6 2. c4 d6 3. Nc3 e5 4. dxe5 dxe5 5. Qxd8+ Kxd8 6. Bg5 Be6 7. O-O-O+
Kc8 8. Nf3 Bc5 9. Bxf6 gxf6 10. e3 Nd7 11. g3 a5 12. Nh4 Bb4 13. Kc2 Nc5 14. f3
c6 15. Be2 Kc7 16. Rhf1 Rhb8 17. Ne4 b5 18. a3 Nxe4 19. fxe4 Bc5 20. cxb5 cxb5
21. Rxf6 Bxe3 22. Bh5 Bg5 23. Rf3 Rd8 24. Rc3+ Kb6 25. Rxd8 Rxd8 26. Nf3 b4 27.
axb4 axb4 28. Nxg5 bxc3 29. bxc3 h6 30. Bxf7 Bg4 31. Nh7 Rd7 32. Bg8 Rd6 33.
Bd5 Rxd5 0-1

[Event "10th Montreal International Chess Tourn"]
[Site "Montreal"]
[Date "2009.??.??"]
[Round "3"]
[White "Bhat"]
[Black "Kovalyov"]
[Result "0-1"]
[WhiteElo "2473"]
[BlackElo "2572"]
[PlyCount "184"]
[EventDate "2009.??.??"]
[EventCountry "CAN"]

1. d4 Nf6 2. c4 e6 3. Nf3 b6 4. g3 Bb4+ 5. Nbd2 Bb7 6. Bg2 c5 7. a3 Bxd2+ 8.
Qxd2 cxd4 9. Qxd4 Nc6 10. Qc3 Rc8 11. b4 Ne7 12. Bb2 Bd5 13. c5 d6 14. O-O dxc5
15. bxc5 Rxc5 16. Qb4 Nc6 17. Qa4 O-O 18. Rfd1 b5 19. Qf4 Rc2 20. Rab1 Rxe2 21.
Bxf6 Qxf6 22. Qxf6 gxf6 23. Rxb5 Ra2 24. Rc5 Bxf3 25. Bxf3 Ne5 26. Be4 Rb8 27.
Ra5 Rbb2 28. Rf1 Nc4 29. Rxa7 Nd2 30. Re1 f5 31. Bc6 Nc4 32. Ra4 Nxa3 33. Rc1
Nc2 34. Rxa2 Rxa2 35. Rd1 Nb4 36. Bf3 Kg7 37. h4 Kf6 38. Bh5 Nd5 39. Bf3 Nb6
40. Rd4 Rb2 41. Rd8 Nc4 42. Bh5 Rb7 43. Be2 Ne5 44. Bh5 Kg7 45. Rd4 Kh6 46. Bd1
Rb2 47. Kf1 Kg6 48. Kg2 Rb7 49. Kf1 Rc7 50. Kg2 Nd7 51. g4 fxg4 52. Rxg4+ Kf6
53. Rf4+ Ke7 54. Rg4 Nf6 55. Ra4 h6 56. Bf3 Nd7 57. Be2 Ne5 58. Re4 Rc5 59. Ra4
Ng6 60. Bd1 Kf6 61. Bf3 e5 62. Ra6+ Kf5 63. Ra4 Nf4+ 64. Kh2 Rc3 65. Bg2 Kg4
66. Ra6 Rc2 67. Kg1 Kxh4 68. Rxh6+ Kg5 69. Rh8 f5 70. Rg8+ Kf6 71. Rf8+ Kg6 72.
Re8 Re2 73. Rd8 e4 74. Rd6+ Kg5 75. Rd8 Rb2 76. Re8 Ne2+ 77. Kh2 Kf4 78. Rf8
Rb6 79. Rh8 Rg6 80. Rh5 Nd4 81. Rh4+ Ke5 82. Rh5 Rg7 83. Rh8 Nc2 84. Ra8 Ne1
85. Bh1 Kf4 86. Ra3 Nd3 87. Ra2 Ne5 88. Ra5 Ng4+ 89. Kg1 Rd7 90. Bg2 Rd1+ 91.
Bf1 e3 92. Kg2 Nxf2 0-1

[Event "10th Montreal International Chess Tourn"]
[Site "Montreal"]
[Date "2009.??.??"]
[Round "3"]
[White "Bluvshtein"]
[Black "Onischuk"]
[Result "1-0"]
[WhiteElo "2558"]
[BlackElo "2699"]
[PlyCount "73"]
[EventDate "2009.??.??"]
[EventCountry "CAN"]

1. d4 Nf6 2. c4 e6 3. Nc3 Bb4 4. e3 O-O 5. Nge2 Re8 6. g3 d5 7. cxd5 Qxd5 8.
Rg1 Qh5 9. h3 e5 10. g4 Qh4 11. Bg2 Nc6 12. d5 Ne7 13. Qb3 Bxc3+ 14. Nxc3 c6
15. d6 Be6 16. Qxb7 Ned5 17. Bd2 Rab8 18. Qxa7 Nb4 19. O-O-O Ra8 20. Qc7 Rec8
21. Qe7 Re8 22. Qc7 Rec8 23. Qe7 Qxf2 24. d7 Nxa2+ 25. Nxa2 Nxd7 26. Nc3 Ra1+
27. Nb1 Qe2 28. Be4 Qc4+ 29. Bc2 Nb6 30. Qb4 Qa6 31. e4 Nc4 32. Bc3 Qa7 33. Rg3
h6 34. Rgd3 Rb8 35. Qxb8+ Kh7 36. Qb4 c5 37. b3 1-0

[Event "10th Montreal International Chess Tourn"]
[Site "Montreal"]
[Date "2009.??.??"]
[Round "3"]
[White "Moiseenko"]
[Black "Naiditsch"]
[Result "1/2-1/2"]
[WhiteElo "2682"]
[BlackElo "2487"]
[PlyCount "28"]
[EventDate "2009.??.??"]
[EventCountry "CAN"]

1. d4 Nf6 2. c4 e6 3. Nf3 d5 4. Nc3 c5 5. cxd5 cxd4 6. Qxd4 exd5 7. e4 Nc6 8.
Bb5 Nxe4 9. O-O Nf6 10. Bg5 Be7 11. Bxf6 Bxf6 12. Qxd5 O-O 13. Bxc6 bxc6 14.
Qxc6 Rb8 1/2-1/2

[Event "10th Montreal International Chess Tourn"]
[Site "Montreal"]
[Date "2009.??.??"]
[Round "4"]
[White "Tiviakov"]
[Black "Roussel-Roozmon"]
[Result "1-0"]
[WhiteElo "2674"]
[BlackElo "2487"]
[PlyCount "53"]
[EventDate "2009.??.??"]
[EventCountry "CAN"]

1. e4 e5 2. Bc4 Nf6 3. d3 c6 4. Nf3 Be7 5. Bb3 O-O 6. c3 Qc7 7. Qe2 Re8 8. O-O
h6 9. Nbd2 Bf8 10. Re1 d6 11. Nf1 Be6 12. Bc2 c5 13. Nh4 Nbd7 14. Qf3 d5 15.
Nf5 Bxf5 16. Qxf5 dxe4 17. dxe4 c4 18. a4 g6 19. Qf3 Bg7 20. Ne3 b6 21. Rd1 a6
22. b3 cxb3 23. Bxb3 Qxc3 24. Bxf7+ Kxf7 25. Rxd7+ Kg8 26. Rxg7+ Kxg7 27. Nf5+
1-0

[Event "10th Montreal International Chess Tourn"]
[Site "Montreal"]
[Date "2009.??.??"]
[Round "4"]
[White "Mazé"]
[Black "Naiditsch"]
[Result "1/2-1/2"]
[WhiteElo "2546"]
[BlackElo "2697"]
[PlyCount "96"]
[EventDate "2009.??.??"]
[EventCountry "CAN"]

1. e4 e5 2. Nf3 Nc6 3. Bb5 a6 4. Bxc6 dxc6 5. O-O Bg4 6. h3 Bh5 7. g4 Bg6 8.
Nxe5 Qh4 9. Qf3 f6 10. Nxg6 hxg6 11. Kg2 O-O-O 12. d3 g5 13. Nd2 Ne7 14. Rh1
Qh7 15. Qe2 Ng6 16. Nf3 Bd6 17. Be3 Qg8 18. Qd2 Qe6 19. Qa5 c5 20. Kf1 Kb8 21.
a3 Rh6 22. b4 Be5 23. Rb1 c4 24. b5 cxd3 25. bxa6 b6 26. cxd3 Rxd3 27. Nxe5
Nxe5 28. Bxb6 Qc4 29. Bxc7+ Kc8 30. Rb8+ Kd7 31. Rb4 Qc1+ 32. Kg2 Rg3+ 33. fxg3
Qd2+ 34. Kf1 Qd1+ 35. Kf2 Qf3+ 36. Ke1 Qxh1+ 37. Kd2 Qg2+ 38. Kd1 Qf1+ 39. Kc2
Qd3+ 40. Kc1 f5 41. Rb6 Qf1+ 42. Kc2 Qe2+ 43. Kb1 Qxe4+ 44. Ka1 Qd4+ 45. Ka2
Qc4+ 46. Ka1 Qd4+ 47. Ka2 Qc4+ 48. Ka1 Qd4+ 1/2-1/2

[Event "10th Montreal International Chess Tourn"]
[Site "Montreal"]
[Date "2009.??.??"]
[Round "4"]
[White "Bacrot"]
[Black "Bhat"]
[Result "1/2-1/2"]
[WhiteElo "2721"]
[BlackElo "2473"]
[PlyCount "67"]
[EventDate "2009.??.??"]
[EventCountry "CAN"]

1. c4 c6 2. Nf3 d5 3. d4 Nf6 4. Nc3 dxc4 5. a4 Bf5 6. Ne5 Nbd7 7. Nxc4 Nb6 8.
Ne5 a5 9. e3 h6 10. g4 Bh7 11. Bg2 e6 12. O-O Bb4 13. Qe2 O-O 14. f4 Nfd7 15.
Nf3 c5 16. g5 cxd4 17. exd4 hxg5 18. fxg5 Nb8 19. Nb5 Nc6 20. Bf4 Nd5 21. Bg3
Bg6 22. h4 Bh5 23. Qd3 Nde7 24. Ne5 Rc8 25. Be4 Nf5 26. Bxf5 exf5 27. Nc4 Bg6
28. Bf4 Ne7 29. Ncd6 Rc6 30. Nc4 Rc8 31. b3 Nd5 32. Bd6 Re8 33. Qf3 Re4 34. Bg3
1/2-1/2

[Event "10th Montreal International Chess Tourn"]
[Site "Montreal"]
[Date "2009.??.??"]
[Round "5"]
[White "Naiditsch"]
[Black "Onischuk"]
[Result "1-0"]
[WhiteElo "2697"]
[BlackElo "2699"]
[PlyCount "100"]
[EventDate "2009.??.??"]
[EventCountry "CAN"]

1. e4 e5 2. Nf3 Nc6 3. Bb5 a6 4. Ba4 Nf6 5. O-O Be7 6. Re1 b5 7. Bb3 O-O 8. c3
d5 9. exd5 Nxd5 10. Nxe5 Nxe5 11. Rxe5 c6 12. d4 Bd6 13. Re1 Qh4 14. g3 Qh3 15.
Qf3 Bg4 16. Qg2 Qh5 17. Be3 Bh3 18. Bd1 Qxd1 19. Rxd1 Bxg2 20. Kxg2 f5 21. c4
bxc4 22. Nd2 c3 23. bxc3 f4 24. gxf4 Bxf4 25. Bxf4 Nxf4+ 26. Kf1 Nd5 27. Rdc1
Rae8 28. Nc4 Re6 29. Ne5 c5 30. Rab1 cxd4 31. cxd4 Ne3+ 32. Ke2 Nf5 33. Kd3 Rh6
34. Rc5 Rh3+ 35. Kc4 Nd6+ 36. Kd5 Nb5 37. Rb4 Rh6 38. Rc6 Rd8+ 39. Kc5 Rh5 40.
f4 Rxh2 41. Rxa6 Nc3 42. Nc6 Ne4+ 43. Kb6 Re8 44. d5 Rd2 45. Rd4 Rxd4 46. Nxd4
Nf6 47. d6 Re4 48. Ra8+ Kf7 49. Ra7+ Ke8 50. Nc6 Nd7+ 1-0

[Event "10th Montreal International Chess Tourn"]
[Site "Montreal"]
[Date "2009.??.??"]
[Round "5"]
[White "Roussel-Roozmon"]
[Black "Mazé"]
[Result "0-1"]
[WhiteElo "2487"]
[BlackElo "2546"]
[PlyCount "104"]
[EventDate "2009.??.??"]
[EventCountry "CAN"]

1. d4 Nf6 2. c4 e6 3. Nc3 Bb4 4. Qc2 O-O 5. Bg5 c5 6. e3 h6 7. Bh4 d5 8. Nf3
cxd4 9. exd4 Nc6 10. O-O-O Be7 11. Kb1 b6 12. Bxf6 Bxf6 13. cxd5 exd5 14. Qb3
Bf5+ 15. Bd3 Be6 16. Ba6 Qd6 17. a3 Rad8 18. h3 Bf5+ 19. Bd3 Bxd3+ 20. Rxd3 Na5
21. Qb5 Rfe8 22. Re3 Re6 23. Ka2 Nc4 24. Re2 Be7 25. Qa6 Rxe2 26. Nxe2 Qg6 27.
Rc1 Qxg2 28. Qxa7 Bxa3 29. Ne5 Nxe5 30. dxe5 Bc5 31. e6 Qxf2 32. Qxf7+ Qxf7 33.
exf7+ Kxf7 34. Nf4 Kf6 35. Nd3 Be3 36. Rc7 h5 37. Kb3 g5 38. Rh7 Kg6 39. Re7
Bd4 40. Re6+ Kf5 41. Rh6 Rh8 42. Rd6 Ke4 43. Nb4 Bc5 44. Rg6 Kf5 45. Rg7 Kf6
46. Rb7 Ke6 47. Rg7 Rf8 48. Rg6+ Rf6 49. Rxf6+ Kxf6 50. Nxd5+ Ke5 51. Kc4 g4
52. hxg4 hxg4 0-1

[Event "10th Montreal International Chess Tourn"]
[Site "Montreal"]
[Date "2009.??.??"]
[Round "5"]
[White "Bluvshtein"]
[Black "Kovalyov"]
[Result "1/2-1/2"]
[WhiteElo "2558"]
[BlackElo "2572"]
[PlyCount "48"]
[EventDate "2009.??.??"]
[EventCountry "CAN"]

1. e4 c5 2. Nf3 e6 3. d4 cxd4 4. Nxd4 Nc6 5. Nc3 a6 6. g3 d6 7. Bg2 Bd7 8. O-O
Nf6 9. Nb3 b5 10. a3 Rc8 11. Kh1 Ne5 12. f4 Nc4 13. Qe2 Qc7 14. g4 h6 15. Nd2
Be7 16. Qf3 O-O 17. Nxc4 Qxc4 18. g5 hxg5 19. fxg5 Nh7 20. Qg3 g6 21. Rf3 a5
22. Be3 b4 23. Qh4 Bxg5 24. Bxg5 Nxg5 1/2-1/2

[Event "10th Montreal International Chess Tourn"]
[Site "Montreal"]
[Date "2009.??.??"]
[Round "6"]
[White "Kovalyov"]
[Black "Moiseenko"]
[Result "1/2-1/2"]
[WhiteElo "2572"]
[BlackElo "2682"]
[PlyCount "45"]
[EventDate "2009.??.??"]
[EventCountry "CAN"]

1. Nf3 c5 2. c4 Nc6 3. Nc3 e5 4. g3 g6 5. Bg2 Bg7 6. O-O d6 7. a3 a5 8. Ne1 Be6
9. d3 Nge7 10. Nc2 d5 11. cxd5 Nxd5 12. Ne3 Nde7 13. Nc4 O-O 14. Bg5 f6 15. Be3
b6 16. Qa4 Qc7 17. f4 Rab8 18. fxe5 Nxe5 19. Nxe5 fxe5 20. Bg5 Nf5 21. Bd5 Qd6
22. e4 Nd4 23. Be3 1/2-1/2

[Event "10th Montreal International Chess Tourn"]
[Site "Montreal"]
[Date "2009.??.??"]
[Round "6"]
[White "Bacrot"]
[Black "Bluvshtein"]
[Result "1/2-1/2"]
[WhiteElo "2721"]
[BlackElo "2558"]
[PlyCount "70"]
[EventDate "2009.??.??"]
[EventCountry "CAN"]

1. c4 Nf6 2. Nc3 c5 3. Nf3 Nc6 4. g3 g6 5. Bg2 d6 6. d4 cxd4 7. Nxd4 Bd7 8. O-O
Bg7 9. Nb3 Qc8 10. Bg5 h6 11. Bxf6 Bxf6 12. Qd2 Be6 13. Nd5 Bg7 14. Rac1 O-O
15. Rfd1 Qd7 16. Nf4 Rfd8 17. Qe3 Bf5 18. Nc5 Qc8 19. Na4 g5 20. Nd5 Qe6 21.
Qb3 Nd4 22. Rxd4 Bxd4 23. e3 b5 24. Qxb5 Rab8 25. Nxe7+ Qxe7 26. Qxf5 Bxb2 27.
Nxb2 Rxb2 28. Be4 Qe5 29. Qxe5 dxe5 30. c5 Rc8 31. c6 Rc7 32. Bd5 Kf8 33. g4
Rb4 34. e4 Rb2 35. Kg2 f6 1/2-1/2

[Event "10th Montreal International Chess Tourn"]
[Site "Montreal"]
[Date "2009.??.??"]
[Round "6"]
[White "Roussel-Roozmon"]
[Black "Bhat"]
[Result "0-1"]
[WhiteElo "2487"]
[BlackElo "2473"]
[PlyCount "68"]
[EventDate "2009.??.??"]
[EventCountry "CAN"]

1. d4 d5 2. c4 c6 3. cxd5 cxd5 4. Nf3 Nf6 5. Nc3 Nc6 6. Bf4 Nh5 7. Bd2 e6 8.
Rc1 Nf6 9. e3 Bd6 10. Bd3 O-O 11. O-O e5 12. dxe5 Nxe5 13. Be2 a6 14. Nxe5 Bxe5
15. Bf3 Be6 16. g3 Qe7 17. Qe2 Rad8 18. Rfd1 Rfe8 19. Be1 d4 20. exd4 Bxd4 21.
Bd2 b5 22. Bg5 h6 23. Bf4 Qa7 24. Qf1 g5 25. Bd2 Ng4 26. Ne4 Bf5 27. Bxg4 Bxg4
28. Re1 f5 29. Nc3 Bxf2+ 30. Qxf2 Qxf2+ 31. Kxf2 Rxd2+ 32. Kg1 Rxe1+ 33. Rxe1
Kf7 34. b4 Bf3 0-1

[Event "10th Montreal International Chess Tourn"]
[Site "Montreal"]
[Date "2009.??.??"]
[Round "6"]
[White "Akobian"]
[Black "Naiditsch"]
[Result "1-0"]
[WhiteElo "2626"]
[BlackElo "2697"]
[PlyCount "44"]
[EventDate "2009.??.??"]
[EventCountry "CAN"]

1. d4 Nf6 2. c4 e6 3. Nf3 d5 4. cxd5 exd5 5. Nc3 c6 6. Qc2 Be7 7. Bg5 O-O 8. e3
Ne4 9. Bf4 f5 10. Bd3 Nd7 11. h3 g6 12. g4 g5 13. Bh2 fxg4 14. Nxe4 Rxf3 15.
Nd6 Nf8 16. Bxh7+ Kg7 17. Be5+ Bf6 18. hxg4 Bxg4 19. Bf5 Bxe5 20. dxe5 Qa5+ 21.
Kf1 Bxf5 22. Nxf5+ Kf7 1-0

[Event "10th Montreal International Chess Tourn"]
[Site "Montreal"]
[Date "2009.??.??"]
[Round "7"]
[White "Bhat"]
[Black "Mazé"]
[Result "1/2-1/2"]
[WhiteElo "2473"]
[BlackElo "2546"]
[PlyCount "52"]
[EventDate "2009.??.??"]
[EventCountry "CAN"]

1. d4 Nf6 2. c4 g6 3. Nc3 Bg7 4. e4 d6 5. Nf3 O-O 6. Be2 e5 7. Be3 c6 8. O-O
exd4 9. Bxd4 Re8 10. Qc2 Qe7 11. Rfe1 Nbd7 12. Bf1 Ne5 13. Nxe5 dxe5 14. Be3
Nd7 15. Red1 Nf8 16. c5 Ne6 17. Ne2 Qh4 18. f3 Bh6 19. Qc1 Bxe3+ 20. Qxe3 Qe7
21. Rac1 h5 22. Rd6 h4 23. Rcd1 Qg5 24. Qc3 a5 25. a4 Nf4 26. Kf2 Ne6 1/2-1/2

[Event "10th Montreal International Chess Tourn"]
[Site "Montreal"]
[Date "2009.??.??"]
[Round "7"]
[White "Bluvshtein"]
[Black "Tiviakov"]
[Result "1/2-1/2"]
[WhiteElo "2558"]
[BlackElo "2674"]
[PlyCount "163"]
[EventDate "2009.??.??"]
[EventCountry "CAN"]

1. d4 Nf6 2. c4 e6 3. Nc3 Bb4 4. e3 O-O 5. Bd3 d5 6. Nge2 dxc4 7. Bxc4 e5 8.
O-O Nc6 9. a3 Bd6 10. d5 Ne7 11. Ng3 Nf5 12. Nge4 Nxe4 13. Nxe4 Be7 14. Ba2 a5
15. Bd2 Nd6 16. Ng3 Re8 17. Rc1 b6 18. e4 Ra7 19. Bb3 Bg5 20. Ba4 b5 21. Bb3
Bxd2 22. Qxd2 Bd7 23. Rfe1 Qe7 24. Rc2 Rb8 25. Qe3 Rab7 26. Rec1 Ne8 27. Rc5 a4
28. Bd1 Qd6 29. h3 b4 30. Nf1 Qb6 31. Nd2 Qa7 32. Nc4 f6 33. Na5 bxa3 34. bxa3
Rb5 35. Nc6 Bxc6 36. Rxc6 Qxe3 37. fxe3 Ra5 38. Bg4 Rd8 39. R1c4 Ra7 40. Bh5 g6
41. Bd1 Rda8 42. Bg4 Kf8 43. Rb4 Nd6 44. Kf2 Ke7 45. Be2 Kd8 46. h4 h6 47. h5
gxh5 48. Bxh5 Ke7 49. Be2 Kd8 50. Kf3 Ke7 51. Rc1 Rf8 52. Rh1 f5 53. exf5 Rxf5+
54. Kg3 e4 55. Rh5 Rxh5 56. Bxh5 Ra5 57. Bg6 c5 58. Rb6 Ra8 59. Kf4 Rf8+ 60.
Kg4 Rf2 61. Bxe4 Ra2 62. Bf3 Rxa3 63. e4 Re3 64. Kf4 a3 65. Ra6 Nc4 66. Ra4 Re1
67. e5 Nxe5 68. Rxa3 Nxf3 69. Rxf3 Kd6 70. Rh3 Kxd5 71. Rxh6 c4 72. Rh8 c3 73.
Rd8+ Kc4 74. Rc8+ Kd3 75. Rd8+ Ke2 76. Re8+ Kd2 77. Rd8+ Kc1 78. g4 Rf1+ 79.
Ke5 Rg1 80. Kf5 c2 81. g5 Kb2 82. Rc8 1/2-1/2

[Event "10th Montreal International Chess Tourn"]
[Site "Montreal"]
[Date "2009.??.??"]
[Round "8"]
[White "Roussel-Roozmon"]
[Black "Bluvshtein"]
[Result "1-0"]
[WhiteElo "2487"]
[BlackElo "2558"]
[PlyCount "107"]
[EventDate "2009.??.??"]
[EventCountry "CAN"]

1. d4 Nf6 2. c4 e6 3. Nc3 c5 4. d5 exd5 5. cxd5 d6 6. e4 g6 7. h3 Bg7 8. Nf3 a6
9. a4 Nbd7 10. Bd3 Nh5 11. Bg5 Bf6 12. Bh6 Bg7 13. Bg5 Bf6 14. Bh6 Bg7 15. Bxg7
Nxg7 16. O-O Qf6 17. Nd2 Nh5 18. Nc4 Nf4 19. Ne2 Nxe2+ 20. Qxe2 g5 21. e5 Nxe5
22. Rfe1 Kd8 23. Nxe5 dxe5 24. d6 Qxd6 25. Rad1 Ke7 26. Bc4 Qf6 27. Rd5 Kf8 28.
Rxe5 Kg7 29. Bxf7 Rf8 30. Bc4 b6 31. Re7+ Kh8 32. Bd3 Bf5 33. Bxf5 Qxf5 34. Re5
Qg6 35. Re6 Qf5 36. Rxb6 Rae8 37. Qd2 Qf4 38. Rxe8 Rxe8 39. Qc3+ Kg8 40. Rxa6
Rd8 41. Qe1 Qd4 42. Qe6+ Kh8 43. Qf6+ Qxf6 44. Rxf6 Rd1+ 45. Kh2 Rd2 46. b3 Rb2
47. Rf5 h6 48. Rxc5 Rxb3 49. Rc7 Ra3 50. Ra7 Ra2 51. Kg3 Ra3+ 52. Kg4 Ra2 53.
Kh5 Rxf2 54. Kg6 1-0

[Event "10th Montreal International Chess Tourn"]
[Site "Montreal"]
[Date "2009.??.??"]
[Round "8"]
[White "Bhat"]
[Black "Shulman"]
[Result "1-0"]
[WhiteElo "2487"]
[BlackElo "2648"]
[PlyCount "51"]
[EventDate "2009.??.??"]
[EventCountry "CAN"]

1. d4 d5 2. c4 e6 3. Nc3 c6 4. e3 Bd6 5. Bd3 f5 6. Qc2 Nh6 7. Nge2 O-O 8. Bd2
Kh8 9. h3 Qe7 10. O-O Nd7 11. cxd5 exd5 12. f3 g5 13. e4 dxe4 14. fxe4 f4 15.
e5 Bb4 16. a3 Bxc3 17. Bxc3 a5 18. d5 Nxe5 19. Rae1 Nhf7 20. Nd4 Qc5 21. Kh1
Bxh3 22. Nf3 Qxd5 23. Nxe5 Bxg2+ 24. Qxg2 Kg8 25. Be4 Qd8 26. Ng4 1-0

[Event "10th Montreal International Chess Tourn"]
[Site "Montreal"]
[Date "2009.??.??"]
[Round "9"]
[White "Moiseenko"]
[Black "Roussel-Roozmon"]
[Result "1-0"]
[WhiteElo "2682"]
[BlackElo "2487"]
[PlyCount "163"]
[EventDate "2009.??.??"]
[EventCountry "CAN"]

1. d4 d5 2. c4 c6 3. Nf3 Nf6 4. Nc3 a6 5. a4 e6 6. Bg5 Nbd7 7. e3 Qa5 8. cxd5
exd5 9. Bd3 Ne4 10. O-O Nxg5 11. Nxg5 Be7 12. Qh5 g6 13. Qh6 Bf8 14. Qh4 Be7
15. Qf4 O-O 16. Qh4 h5 17. f4 Qd8 18. Qg3 Nf6 19. h3 Ne8 20. Nf3 Ng7 21. Ne5
Bf5 22. Qf3 h4 23. Rad1 Qb6 24. Rf2 Rad8 25. Kh2 a5 26. Rfd2 Bxd3 27. Rxd3 Nf5
28. Qf2 Qb4 29. Qc2 Rfe8 30. Ne2 Bf8 31. g4 hxg3+ 32. Nxg3 Nxg3 33. Kxg3 Bg7
34. Kh2 Qe7 35. Rc3 Qe6 36. Rg1 Bxe5 37. fxe5 Kg7 38. Rc5 Ra8 39. Rg3 Rh8 40.
Qd2 b6 41. Rc1 Rh5 42. Rf1 Rah8 43. Qg2 Rf5 44. Rxf5 Qxf5 45. Rf3 Qd7 46. Rf6
Re8 47. Rd6 Qc8 48. Qg5 Re6 49. Rd8 Qa6 50. Qg2 Qb7 51. Qg5 Qa6 52. Qf4 Qe2+
53. Kg3 Qe1+ 54. Qf2 Qxf2+ 55. Kxf2 g5 56. Rb8 c5 57. dxc5 bxc5 58. Rb5 Rxe5
59. Rxc5 Re4 60. b3 d4 61. exd4 Kg6 62. d5 Rh4 63. Kg2 Rd4 64. Rxa5 Rd2+ 65.
Kg1 Rd3 66. Rb5 Kh5 67. a5 Kh4 68. a6 Kxh3 69. Ra5 Rd1+ 70. Kf2 g4 71. a7 g3+
72. Kf3 g2 73. a8=Q Rf1+ 74. Ke4 Re1+ 75. Kf5 Rf1+ 76. Ke5 Re1+ 77. Kf6 Rf1+
78. Ke7 Re1+ 79. Kxf7 Rf1+ 80. Ke7 Re1+ 81. Kd7 g1=Q 82. Qh8+ 1-0

[Event "10th Montreal International Chess Tourn"]
[Site "Montreal"]
[Date "2009.??.??"]
[Round "9"]
[White "Onischuk"]
[Black "Bacrot"]
[Result "1/2-1/2"]
[WhiteElo "2699"]
[BlackElo "2721"]
[PlyCount "60"]
[EventDate "2009.??.??"]
[EventCountry "CAN"]

1. d4 Nf6 2. c4 e6 3. Nf3 b6 4. g3 Ba6 5. Qc2 Bb7 6. Bg2 c5 7. d5 exd5 8. cxd5
Nxd5 9. O-O Be7 10. Rd1 Nc6 11. Qa4 Nf6 12. Nh4 g6 13. Bh6 Bf8 14. Bf4 Be7 15.
Bh6 Bf8 16. Bf4 Be7 17. Nc3 O-O 18. Nb5 d5 19. Nc7 Nd4 20. Rxd4 cxd4 21. Nxa8
Qxa8 22. Qxd4 Nh5 23. Bh6 Bf6 24. Qd2 Re8 25. Rd1 Ng7 26. e3 d4 27. Bxg7 Kxg7
28. Bxb7 Qxb7 29. Ng2 Rd8 30. Qe2 dxe3 1/2-1/2